<?xml version="1.0" encoding="UTF-8"?>
<record
    xmlns:xsi="http://www.w3.org/2001/XMLSchema-instance"
    xsi:schemaLocation="http://www.loc.gov/MARC21/slim http://www.loc.gov/standards/marcxml/schema/MARC21slim.xsd"
    xmlns="http://www.loc.gov/MARC21/slim">

  <leader>04370cam a22003375i 4500</leader>
  <datafield tag="999" ind1=" " ind2=" ">
    <subfield code="c">27786</subfield>
    <subfield code="d">27757</subfield>
  </datafield>
  <controlfield tag="001">20087201</controlfield>
  <controlfield tag="003">EG-ScBUE</controlfield>
  <controlfield tag="005">20191121153515.0</controlfield>
  <controlfield tag="008">171023s2018    enkb   f b    001 0 eng d</controlfield>
  <datafield tag="020" ind1=" " ind2=" ">
    <subfield code="a">9780815347149 (hardback)</subfield>
  </datafield>
  <datafield tag="040" ind1=" " ind2=" ">
    <subfield code="a">DLC</subfield>
    <subfield code="b">eng</subfield>
    <subfield code="e">rda</subfield>
    <subfield code="c">DLC</subfield>
    <subfield code="d">DLC</subfield>
    <subfield code="d">EG-ScBUE</subfield>
  </datafield>
  <datafield tag="043" ind1=" " ind2=" ">
    <subfield code="a">aw-----</subfield>
    <subfield code="a">n-us---</subfield>
  </datafield>
  <datafield tag="082" ind1="0" ind2="4">
    <subfield code="a">327.73056</subfield>
    <subfield code="b">USS</subfield>
    <subfield code="2">22</subfield>
  </datafield>
  <datafield tag="245" ind1="0" ind2="0">
    <subfield code="a">US foreign policy in the Middle East :</subfield>
    <subfield code="b">from American missionaries to the Islamic State /</subfield>
    <subfield code="c">edited by Geoffrey F. Gresh, Tugrul Keskin.</subfield>
  </datafield>
  <datafield tag="264" ind1=" " ind2="1">
    <subfield code="a">Abingdon ;</subfield>
    <subfield code="a">New York :</subfield>
    <subfield code="b">Routledge / Taylor and Francis Group,</subfield>
    <subfield code="c">2018.</subfield>
  </datafield>
  <datafield tag="300" ind1=" " ind2=" ">
    <subfield code="a">xvii, 307 pages :</subfield>
    <subfield code="b">map ;</subfield>
    <subfield code="c">24 cm.</subfield>
  </datafield>
  <datafield tag="336" ind1=" " ind2=" ">
    <subfield code="a">text</subfield>
    <subfield code="b">txt</subfield>
    <subfield code="2">rdacontent</subfield>
  </datafield>
  <datafield tag="337" ind1=" " ind2=" ">
    <subfield code="a">unmediated</subfield>
    <subfield code="b">n</subfield>
    <subfield code="2">rdamedia</subfield>
  </datafield>
  <datafield tag="338" ind1=" " ind2=" ">
    <subfield code="a">volume</subfield>
    <subfield code="b">nc</subfield>
    <subfield code="2">rdacarrier</subfield>
  </datafield>
  <datafield tag="490" ind1="0" ind2=" ">
    <subfield code="a">Routledge studies in US foreign policy</subfield>
  </datafield>
  <datafield tag="504" ind1=" " ind2=" ">
    <subfield code="a">Includes bibliographical references and index.</subfield>
  </datafield>
  <datafield tag="505" ind1="0" ind2=" ">
    <subfield code="a">Introduction: US foreign policy in the Middle East / Geoffrey F. Gresh -- Part I. Historical cultural and economic interests -- From "heathen Turks" to "cruel Turks": changing American perception and foreign policy towards the Middle East / Ozlem Madi-Sisman and Cengiz Sisman -- How big tobacco used Islam and modernity to conquer Saudi Arabia / Sean Foley -- Part II. Cold War challenges -- How geography and ideology shaped US foreign policy during the Cold War / Nickolas A. Spencer -- The ties that bind: postwar US foreign policy toward Turkey / G&#xFFFD;okser G&#xFFFD;ok&#xFFFD;cay -- American atomic policy and Hashemite Iraq, 1954-1958 / Elizabeth Bishop -- Part III. Balancing regional alliances -- Understanding the US-Israeli alliance / Jeremy Pressman -- The United States' strategic relationship with Iran and Turkey: implications for Cold War and post-Cold War order / Suleyman Elik -- American-Qatari partnership in the post-Gulf area: a mutually beneficial relationship / Fatma Asli Kelkitli -- US-Gulf cooperation council relations in the age of the Obama Doctrine / Michael McCall -- Part IV. Rapid political change and the spread of regional instability -- When partisanship captured strategy: American foreign policy and the War in Iraq / Russell A. Burgos -- The United States and political Islam: dealing with the Egyptian Muslim brothers in the Arab revolutions / Mohamed-Ali Adraoui -- Promoting or resisting change? The United States and the Egyptian Uprising (2011-2012) / Ahmed Ali Salem -- Set-up for failure: the Syria-United States relationship / Ethan Corbin -- The United States and Iran: the view of the hardline conservatives in the Islamic Republic / Hamad Albloshi -- Losing hearts and minds: the United States, ideocide, and the propaganda war against ISIS / Kelly Gleason -- An imperial design or necessity of political economy?: understanding the underpinnings of a Trump administration / Tugrul Keskin.</subfield>
  </datafield>
  <datafield tag="520" ind1=" " ind2=" ">
    <subfield code="a">The dawn of the Cold War marked a new stage of complex U.S. foreign policy involvement in the Middle East. More recently, globalization and the region's ongoing conflicts and political violence have led to the U.S. being more politically, economically, and militarily enmeshed - for better or worse-throughout the region.0This book examines the emergence and development of U.S. foreign policy toward the Middle East from the early 1900s to the present. With contributions from some of the world's leading scholars, it takes a fresh, interdisciplinary, and insightful look into the many antecedents that led to current U.S. foreign policy. Exploring the historical challenges, regional alliances, rapid political change, economic interests, domestic politics, and other sources of regional instability, this volume comprises critical analysis from Iranian, Turkish, Israeli, American, and Arab perspectives to provide a comprehensive examination of the evolution and transformation of U.S. foreign policy toward the Middle East. This volume is an important resource for scholars and students working in the fields of Political Science, Sociology, International Relations, Islamic, Turkish, Iranian, Arab, and Israeli Studies</subfield>
  </datafield>
  <datafield tag="651" ind1=" " ind2="7">
    <subfield code="a">United States</subfield>
    <subfield code="x">Foreign relations</subfield>
    <subfield code="z">Middle East.</subfield>
    <subfield code="2">BUEsh </subfield>
  </datafield>
  <datafield tag="651" ind1=" " ind2="7">
    <subfield code="a">Middle East</subfield>
    <subfield code="x">Foreign relations</subfield>
    <subfield code="z">United States.</subfield>
    <subfield code="2">BUEsh </subfield>
  </datafield>
  <datafield tag="653" ind1=" " ind2=" ">
    <subfield code="b">MASPPSS</subfield>
    <subfield code="c">November2019</subfield>
  </datafield>
  <datafield tag="655" ind1=" " ind2=" ">
    <subfield code="v">Reading book</subfield>
  </datafield>
  <datafield tag="700" ind1="1" ind2=" ">
    <subfield code="a">Gresh, Geoffrey F,</subfield>
    <subfield code="d">1979-</subfield>
    <subfield code="e">editor.</subfield>
  </datafield>
  <datafield tag="700" ind1="1" ind2=" ">
    <subfield code="a">Keskin, Tugrul,</subfield>
    <subfield code="e">editor.</subfield>
  </datafield>
  <datafield tag="942" ind1=" " ind2=" ">
    <subfield code="2">ddc</subfield>
    <subfield code="c">BB</subfield>
  </datafield>
  <datafield tag="952" ind1=" " ind2=" ">
    <subfield code="0">0</subfield>
    <subfield code="1">0</subfield>
    <subfield code="2">ddc</subfield>
    <subfield code="4">0</subfield>
    <subfield code="7">0</subfield>
    <subfield code="8">Baccah</subfield>
    <subfield code="a">MAIN</subfield>
    <subfield code="b">MAIN</subfield>
    <subfield code="c">1ST</subfield>
    <subfield code="d">2019-11-20</subfield>
    <subfield code="e">Purchase</subfield>
    <subfield code="g">1890.00</subfield>
    <subfield code="l">0</subfield>
    <subfield code="o">327.73056 USS</subfield>
    <subfield code="p">000048267</subfield>
    <subfield code="r">2025-07-15 00:00:00</subfield>
    <subfield code="v">2362.50</subfield>
    <subfield code="w">2019-11-20</subfield>
    <subfield code="y">BB</subfield>
  </datafield>
</record>
